Minnesota Timberwolves NBA Playoffs Leaders Per Year - Statistics

General Stats
  • This quiz has been taken 744 times
    135 since last reset
  • The average score is 10 of 22
Answer Stats
Player % Correct
Anthony Edwards
100%
Karl-Anthony Towns
98%
Kevin Garnett
97%
Rudy Gobert
97%
Mike Conley
88%
Jaden McDaniels
82%
Andrew Wiggins
71%
Jimmy Butler
69%
Donte DiVincenzo
48%
Latrell Sprewell
45%
D'Angelo Russell
44%
Stephon Marbury
38%
Jeff Teague
37%
Tom Gugliotta
29%
Joe Smith
26%
Terrell Brandon
15%
Rasho Nesterovic
12%
Chauncey Billups
11%
Jamal Crawford
9%
Anthony Peeler
8%
Dean Garrett
4%
Troy Hudson
4%
No matching quizzes found
Score Distribution
Percent of People with Each Score
Percentile by Number Answered
Your Score History
You have not taken this quiz since the last reset